000
00262nam a2200109Ia 4500
008
190912s9999||||xx |||||||||||||| ||und||
100
_a
Javed A. Ansari
245
0
_a
Money and Banking in Pakistan
260
_a
UK
_b
Education
_c
2001
300
_a
200
942
_c
BK
999
_c
7674
_d
7674